000
00273nam a2200109Ia 4500
008
190216s9999||||xx |||||||||||||| ||und||
100
_a
John V V &rees Aj
245
0
_a
Graded &every Day Examples In Physics
260
_b
Magmillan &co Ltd
300
_a
347
942
_c
BK
999
_c
32656
_d
32656